Contract I (Record no. 20085)

MARC details
000 -LEADER
fixed length control field 00301nam a22001337a 4500
008 - FIXED-LENGTH DATA ELEMENTS--GENERAL INFORMATION
fixed length control field 230525b |||||||| |||| 00| 0 eng d
020 ## - INTERNATIONAL STANDARD BOOK NUMBER
ISBN 8189530119
100 ## - MAIN ENTRY--AUTHOR NAME
Personal name R. K. Bangia
245 ## - TITLE STATEMENT
Title Contract I
260 ## - PUBLICATION, DISTRIBUTION, ETC. (IMPRINT)
Place of publication Faridabad
Name of publisher ALA Pub.
Year of publication 2021
300 ## - PHYSICAL DESCRIPTION
Number of Pages 632
546 ## - LANGUAGE NOTE
Language note English
942 ## - ADDED ENTRY ELEMENTS (KOHA)
Source of classification or shelving scheme Dewey Decimal Classification
Koha item type Books
Holdings
Accession Number Cost, normal purchase price Bill Date Source of acquisition Price effective from Koha item type Withdrawn / writtenoff status Damaged status Not for loan Permanent Location Current Location Shelving location Date acquired Lost/ Missing status department
LLB 813 550.00 23-5-2023 Radha Krishna Anand & Co, Jammu 05/25/2023 Books       MIET Library, Jammu MIET Library, Jammu 178/2 05/24/2023   BBA LLB
LLB 814 550.00 23-5-2023 Radha Krishna Anand & Co, Jammu 05/25/2023 Books       MIET Library, Jammu MIET Library, Jammu 178/2 05/24/2023   BBA LLB